LEADER 01101nam0 22002771i 450 001 UON00128904 005 20231205102748.141 100 $a20020107d1980 |0itac50 ba 101 $aeng 102 $aIN 105 $a|||| 1|||| 200 1 $aˆA ‰guide to Kathakali with the Stories of 36 plays$fDavid Bollad 210 $aNew Delhi$cNational Book Trust$d1980 215 $a119 p., c. di tav.$d24 cm 606 $aDANZA INDIANA$3UONC001816$2FI 606 $aTEATRO INDIANO$3UONC016779$2FI 620 $aIN$dNew Delhi$3UONL000110 686 $aSI IX H$cSUBCONT. INDIANO - ARTI - MUSICA, TEATRO, CINEMA, DANZA$2A 700 1$aBOLLAD$bDavid$3UONV079337$0668089 712 $aNational Book Trust$3UONV247593$4650 801 $aIT$bSOL$c20240220$gRICA 899 $aSIBA - SISTEMA BIBLIOTECARIO DI ATENEO$2UONSI 912 $aUON00128904 950 $aSIBA - SISTEMA BIBLIOTECARIO DI ATENEO$dSI SI IX H 026 $eSI SA 38366 7 026 996 $aGuide to Kathakali with the Stories of 36 plays$91319702 997 $aUNIOR